Partially Recognized States - Statistics

General Stats
  • This quiz has been taken 111 times
  • The average score is 8 of 13
Answer Stats
Continent U.N. Member Recognition Answer % Correct
Asia 21 Taiwan
89%
Europe 108 Kosovo
88%
Asia 136 Palestine
80%
Asia 191 North Korea
72%
Asia 172 China
71%
Asia 192 South Korea
71%
Asia 4 South Ossetia
65%
Asia 161 Israel
64%
Asia 4 Abkhazia
59%
Asia 192 Armenia
53%
Asia 192 Cyprus
46%
Asia 1 North Cyprus
43%
Africa 84 Sahrawi Arab Democratic Republic
22%
No matching quizzes found
Score Distribution
Percent of People with Each Score
Percentile by Number Answered
Your Score History
You have not taken this quiz